| 000 | 01297nam a2200205Ia 4500 | ||
|---|---|---|---|
| 008 | 220216s9999 xx 000 0 und d | ||
| 100 | _aBotros S H | ||
| 245 | 0 | _aSynthesis and characteristics of MAH-g-EPDM compatibilized EPDM/NBR rubber blends | |
| 260 |
_bJournal of Elastomers and Plastics _c2006 |
||
| 300 | _a349-365 | ||
| 520 | _aMaleated ethylene-propylene diene monomer rubber (MAH-g-EPDM) was prepared on a two-roll mill and tested as a compatibilizer for EPDM/NBR (butadiene-acrylonitrile rubber) blend. Intrinsic viscosity measurements and scanning electron microscopy revealed that MAH-g-EPDM improved the compatibility and morphology of EPDM/NBR blend. The uncompatibilized blend showed a negative deviation in the mechanical properties after aging, from the straight line of the additive rule. However, the compatibilized blend showed a positive deviation. Also, MAH-g-EPDM improved the co-curing of EPDM and NBR rubbers. The effect of blend ratio ont he heat resistance and upon the stability against UV of the elastomer blend is discussed in terms of the mechanical properties. | ||
| 650 | _aCompatibilizer | ||
| 650 | _aElastomer blend | ||
| 650 | _aEPDM | ||
| 650 | _aGrafted EPDM | ||
| 650 | _aMaleated EPDM | ||
| 650 | _aNBR | ||
| 700 | _aTawfic M L | ||
| 942 | _cJS | ||
| 999 |
_c70124 _d70124 |
||